|
|
|
|
| LEADER |
01111nam a2200361 4500 |
| 001 |
DLU030023199 |
| 005 |
##19980820150618.2 |
| 008 |
##980520s1998 mauab b 000 0 eng |
| 010 |
# |
# |
|a 98152581
|
| 020 |
# |
# |
|a 0070459932 (acid-free paper)
|
| 020 |
# |
# |
|a 0071157999 (International ed.)
|
| 035 |
# |
# |
|9 (DLC) 98152581
|
| 040 |
# |
# |
|a DLC
|c DLC
|
| 043 |
# |
# |
|a n-us---
|
| 050 |
# |
# |
|a PE1127.H5
|b M48 1998
|
| 082 |
# |
# |
|a 428.64
|b MC-P
|
| 100 |
# |
# |
|a McPartland-Fairman, Pamela.
|
| 245 |
# |
# |
|a Stars and stripes :
|b facts and folklore about the U.S.A. /
|c Pamela McPartland-Fairman.
|
| 260 |
# |
# |
|a Boston :
|b McGraw-Hill,
|c c1998.
|
| 300 |
# |
# |
|a vi, 106 p. :
|b ill., 1 map ;
|c 28 cm.
|
| 504 |
# |
# |
|a Includes bibliographical references.
|
| 650 |
# |
# |
|a English language
|x Textbooks for foreign speakers.
|
| 650 |
# |
# |
|a Readers
|x United States.
|
| 651 |
# |
# |
|a United States
|x Civilization
|x Problems, exercises, etc.
|
| 992 |
# |
# |
|a 21.40
|
| 994 |
# |
# |
|a DLU
|
| 900 |
# |
# |
|a True
|
| 911 |
# |
# |
|a Phan Ngọc Đông
|
| 925 |
# |
# |
|a G
|
| 926 |
# |
# |
|a A
|
| 927 |
# |
# |
|a SH
|
| 980 |
# |
# |
|a Thư viện Trường Đại học Đà Lạt
|